000 01051nam a22003137a 4500
001 BR8402494
003 BR-BrBNA
005 20230928091920.0
007 ta
008 230509b bl.||||| |||| 00| 0 por d
040 _aBR-BrBNA
_bpor
_cBiblioteca Nacional de Agricultura
041 _a(Por)
072 _aF00
_b1740
_b3530
090 _ 1740 BR8402494
100 1 _aVizzotto, V.J.
110 1 _aUniversidade Federal de Pelotas, RS (Brasil)
_0Dissertacao (Mestre)
_910876
245 1 _aEfeito do tamanho da muda e da epoca de transplante sobre a producao de bulbos comerciais de cebola (Allium cepa L.)
246 1 _a[Effect of the seedling size and transplantation period on the production of commercial onion bulbs (Allium cepa L.)]
260 3 _aPelotas, RS (Brasil):
_c1984.
300 _a57 p.
500 _a16 tables; Summaries (Eng, Por); 34 ref.
650 _aCEBOLA
650 _aMUDA
650 _aTRANSPLANTE DE PLANTA
650 _aBULBO
650 _aRENDIMENTO
909 _a202309
_bLucia
_c55
_dLucia Elande
942 _cBK
999 _c36183
_d36183